000 00572nam a2200157 a 4500
001 000037206
005 20200930080216.0
008 120305s1968 cl a 000 0 spa d
040 _aDO-SdBNP
_bspa
_cBNPHU
082 _axxxx
_bE82
245 0 0 _aEstrellas y nubes en la vía léctea. :
_bestructura y movimiento de nuestra galaxia /
_ctraducción Eduardo Goligorsky ; prefacio Lou Williams Page.
260 _aSantiago de Chile, :
_bPomaire,
_c1968.
300 _a377 p. :
_bil. ;
_c22 cm.
700 1 _aWilliams Page, Lou
_963621
700 1 _aGoligorsky, Eduardo
_etrad.
_910661
999 _c36696
_d36696